| 000 | 00617cam a22002293a 4500 | ||
|---|---|---|---|
| 001 | 15862 | ||
| 003 | PGUSA | ||
| 005 | 20140828083335.0 | ||
| 008 | 050519s2005||||xxu|||||s|||||000 p eng d | ||
| 040 |
_aPGUSA _beng |
||
| 042 | _adc | ||
| 050 | 4 | _aPS | |
| 100 | 1 |
_aRiley, James Whitcomb, _d1849-1916 |
|
| 245 | 1 | 0 |
_aAfterwhiles _h[electronic resource] / _cJames Whitcomb Riley |
| 260 |
_bProject Gutenberg, _c2005 |
||
| 506 | _aPublic domain in the USA. | ||
| 516 | _aElectronic text | ||
| 653 | _aPoetry | ||
| 830 | 0 |
_aProject Gutenberg _v15862 |
|
| 856 | 4 | 0 | _uhttp://www.gutenberg.org/ebooks/15862 |
| 942 | _cEB | ||
| 999 |
_c245117 _d245117 |
||